Randomness Quiz Stats

 Plays Quiz not verified by Sporcle

Score 0/61 Timer 05:00
0 Plays Today
Group Subjects % Correct
Colors of the RainbowRed
93.1%
Colors of the RainbowYellow
93.1%
Colors of the RainbowGreen
93.1%
Colors of the RainbowBlue
93.1%
Planets in Solar SystemEarth
91.4%
Colors of the RainbowOrange
91.4%
Planets in Solar SystemMars
89.7%
Planets in Solar SystemJupiter
89.7%
Planets in Solar SystemUranus
89.7%
Colors of the RainbowViolet
89.7%
Planets in Solar SystemMercury
87.9%
Planets in Solar SystemVenus
87.9%
Planets in Solar SystemSaturn
87.9%
Colors of the RainbowIndigo
87.9%
Five Stages of GriefDenial
84.5%
Seven Deadly SinsAvarice
82.8%
Seven Deadly SinsSloth
79.3%
ContinentsAfrica
79.3%
ContinentsNorth America
79.3%
ContinentsSouth America
79.3%
Seven Deadly SinsWrath
77.6%
Planets in Solar SystemNeptune
77.6%
ContinentsAsia
77.6%
Seven Deadly SinsLust
75.9%
Five Stages of GriefAcceptance
75.9%
Five Stages of GriefAnger
72.4%
ContinentsEurope
72.4%
OceansAtlantic Ocean
67.2%
Seven Deadly SinsEnvy
65.5%
Seven Deadly SinsGluttony
65.5%
Twelve ZodiacsLeo
65.5%
Group Subjects % Correct
OceansPacific Ocean
65.5%
Twelve ZodiacsGemini
62.1%
Twelve ZodiacsCapricorn
62.1%
Twelve ZodiacsAries
60.3%
Twelve ZodiacsTaurus
58.6%
Twelve ZodiacsCancer
58.6%
ContinentsAntarctica
58.6%
Twelve ZodiacsSagittarius
53.4%
Human Body SystemsDigestive
53.4%
Twelve ZodiacsVirgo
51.7%
Twelve ZodiacsLibra
51.7%
Twelve ZodiacsAquarius
51.7%
Twelve ZodiacsScorpio
50%
OceansArctic Ocean
48.3%
Five Stages of GriefDepression
46.6%
Seven Deadly SinsPride
43.1%
Human Body SystemsNervous
41.4%
Five Stages of GriefBargaining
37.9%
Twelve ZodiacsPisces
36.2%
Human Body SystemsRespiratory
36.2%
Human Body SystemsSkeletal
36.2%
Human Body SystemsCirculatory
34.5%
Human Body SystemsEndocrine
29.3%
Human Body SystemsMuscular
24.1%
Human Body SystemsReproductive
19%
Human Body SystemsImmune
15.5%
Human Body SystemsIntegumentary
12.1%
Human Body SystemsExcretory
12.1%
OceansIndia Ocean
12.1%
ContinentsAustrailia
12.1%

You're not logged in!

Compare scores with friends on all Sporcle quizzes.
OR
Log In

Show Comments

Extras

Created Nov 7, 2010ReportNominate
Tags:Nintendo Quiz, group, subject

Top Quizzes Today


Score Distribution

Your Account Isn't Verified!

In order to create a playlist on Sporcle, you need to verify the email address you used during registration. Go to your Sporcle Settings to finish the process.

Report this User

Report this user for behavior that violates our Community Guidelines.

Details: